000 00341nam a2200145Ia 4500
008 150201s2007 xx 000 0 und d
082 _a611
_bC07S
100 _aSINGH,VISHRAM
245 _aCLINICAL & SURGICAL ANATOMY
250 _a2ND
260 _bELSEVIER
_aDELHI
_c2007
300 _a1-508
650 _aHUMAN ANATOMY
942 _2ddc
_cBK
_02
999 _c540
_d540